000 00310nam a2200133 i 4500
001 bg
245 0 _aWielki słownik techniczny rosyjsko-polski.
_nT.1,
_pA-H.
250 _aWyd.7.
260 _aWarszawa,
_c1983.
040 _cBPK
041 _apol
942 _cKS
008 s pl f |000 0 pol
999 _c21919
_d21919
856 _uhttp://koha.tu.koszalin.pl/cgi-bin/koha/opac-detail.pl?biblionumber=21919
_yKatalog online BPK